Les noms des couleurs d'encre à Lorcana - Statistiques

Statistiques générales
  • Ce quiz a été pris 15 fois
  • Le résultat moyen est 6 sur 6
Statistiques - réponses
Couleurs d'encre Lorcana % Correct
Emeraude
100%
Rubis
100%
Saphir
100%
Acier
87%
Améthyste
87%
Ambre
80%
Aucun quiz correspondant
Distribution des résultats
% des personnes avec chaque résultat
Percentile par nombre de réponses
Votre historique - résultats
Vous n’avez pas pris ce quiz